00837cam a22002413a 450000100060000000300060000600500170001200800410002904000150007004200070008505000070009210000370009924501060013626000290024250600300027151600200030165300560032165300580037765300580043570000310049383000290052485600420055321218PGUSA20140828083442.0070426s2007||||xxu|||||s|||||000 | eng d aPGUSAbeng adc 4aDA1 aMitton, G. E.q(Geraldine Edith)10aMayfair, Belgravia, and Bayswater :bThe Fascination of Londonh[electronic resource] /cG. E. Mitton bProject Gutenberg,c2007 aPublic domain in the USA. aElectronic text aMayfair (London, England) -- Description and travel aBelgravia (London, England) -- Description and travel aBayswater (London, England) -- Description and travel1 aBesant, Walter,d1836-1901 0aProject Gutenbergv2121840uhttp://www.gutenberg.org/ebooks/21218